000 00919nam a22002297a 4500
005 20120830122825.0
008 120830t xxu||||| |||| 00| 0 eng d
010 _aENG-105708
020 _a9789380388571
_c1150.00
035 _aEN-89241
037 _bDBAD/PUB
040 _aDPL
_bEng
082 _a354.54
245 _aPolitical administration in India /
_cedited by Ramesh Kumar Tyagi
260 _aNew Delhi
_bD.P.S. Publishing House
_c2012
270 _a4598/12-B, First Floor, Gola Cottage, Ansari Road
_bNew Delhi
_e110002
_mdpspublishinghouse@gmail.com
300 _avi,296p.
_c22cm(Hb)
500 _aIncludes bibliographical references and index
700 _aTyagi, Ramesh Kumar
_951815
942 _2ddc
_cEN
_mPOL
_h354.54
999 _c69546
_d69546